Siren sounds - Tate McRae - Statistics

General Stats
  • This quiz has been taken 50 times
  • The average score is 276 of 308
Answer Stats
% Correct
a
100%
and
100%
I
100%
I,
100%
you
100%
you,
100%
You
100%
But
98%
"Get
98%
get
98%
house
98%
it
98%
minute,
98%
more
98%
one
98%
So
98%
Tell
98%
the
98%
we
98%
when
98%
be
95%
burning
95%
in
95%
me
95%
me,
95%
siren
95%
Siren
95%
Siren,
95%
sounds
95%
stay
95%
to
95%
us
95%
bed"
93%
can
93%
hate
93%
kiss
93%
know
93%
my
93%
Oh,
93%
say,
93%
time
93%
wanna
93%
all
91%
down
91%
keep
91%
lie
91%
living
91%
night
91%
out
91%
then
91%
year
91%
around
88%
Been
88%
both
88%
buy
88%
call
88%
crime
88%
for
88%
instead
88%
it's
88%
just
88%
kill
88%
leave
88%
some
88%
this
88%
crazy
86%
burns
84%
bury
84%
don't
84%
It'll
84%
stick
84%
telling
84%
can't
81%
dancing
81%
end
81%
full
81%
Might
81%
now
81%
now,
81%
see
81%
They're
81%
up
81%
show
79%
that
79%
We're
79%
gets
77%
cocky
74%
done"
74%
flames
74%
how
74%
"I'm
74%
want
74%
bound
72%
kinda
67%
need
67%
like
65%
real
65%
smoke
65%
our
63%
lungs
60%
good
58%
hot
58%
love
58%
not
58%
cold
56%
nd
51%
We'd
51%
(Ooh)
26%
Youa
9%
gеt
5%
yеar
5%
No matching quizzes found
Score Distribution
Percent of People with Each Score
Percentile by Number Answered
Your Score History
You have not taken this quiz